01246nam a2200145 a 4500020002700000020003000027082001200057100002100069245008500090260004200175300001300217520076600230650003400996856007001030 a0070533849 (hardcover) a9780070533844 (hardcover) a540 ROD1 aRodgers, Glen E.10aIntroduction to coordination, solid state, and descriptive inorganic chemistry / a[S.l.] :bMcgraw-Hill College,c1994. a545 p. ; aThis book is an introduction to coordination, solid state, and descriptive inorganic chemistry. It is designed primarily for an undergraduate inorganic chemistry audience but could also be used as a supplementary text for some general chemistry courses and as a reference book for teachers of chemistry at all levels. This book offers the following features: it is designed for the increasingly popular sophomore-level inorganic course; it is presented in three modules to allow for flexibility in teaching; it contains over 900 end-of-chapter problems of varying levels of difficulty and full explanatory answers test students' critical thinking skills; and it offers numerous real world applications including environmental, energy-related and medical issues. achemistry,inorganic chemistry40uhttp://www.amazon.com/exec/obidos/ASIN/0070533849/chopaconline-20